[Event "BL2 West 1415 (Women)"]
[Site "Germany"]
[Date "2014.12.14"]
[Round "5.4"]
[White "Hielscher, Ursula"]
[Black "Ruiz, Lisa"]
[Result "1/2-1/2"]
[WhiteElo "1852"]
[BlackElo "1327"]
[PlyCount "95"]
[EventDate "2014.09.27"]
[EventType "team-tourn"]
[EventRounds "7"]
[EventCountry "GER"]
[SourceTitle "CBM 166 Extra"]
[Source "ChessBase"]
[SourceDate "2015.06.18"]
[SourceVersion "1"]
[SourceVersionDate "2015.06.18"]
[SourceQuality "1"]
[WhiteTeam "Kiel Doppelbauer (W)"]
[BlackTeam "Quickborn Holstein (W)"]
[WhiteTeamCountry "GER"]
[BlackTeamCountry "GER"]

1. d4 Nf6 2. c4 b6 3. Nc3 Bb7 4. f3 e6 5. Bg5 Be7 6. Bh4 d5 7. Bf2 Nbd7 8. cxd5 Nxd5 9. e4 Nxc3 10. bxc3 c5 11. Bb5 a6 12. Ba4 b5 13. Bc2 Rc8 14. Ne2 cxd4 15. Bxd4 Bc5 16. Bxc5 Rxc5 17. Qd4 Qf6 18. Qe3 Qe7 19. Rd1 Ne5 20. 0-0 0-0 21. Rd4 a5 22. h3 Ba6 23. f4 Nc6 24. Rd2 b4 25. cxb4 Nxb4 26. Bb3 Rfc8 27. Rfd1 Bxe2 28. Qxe2 Rc1 29. Kh2 Rxd1 30. Qxd1 g6 31. Rd7 Qf6 32. g3 Qb2+ 33. Rd2 Qc3 34. a3 Nc6 35. Rd3 Qb2+ 36. Kh1 Kg7 37. g4 Nd4 38. Qd2 Qb1+ 39. Bd1 Rc2 40. Qe3 Ne2 41. Rd2 Ng3+ 42. Kg1 Rxd2 43. Qxd2 Qb6+ 44. Kg2 Nxe4 45. Qc2 Qd4 46. Kf3 Nd2+ 47. Ke2 Nc4 48. Qc1 1/2-1/2

[Event "BL2 West 1213 (Women)"]
[Site "Germany"]
[Date "2012.12.02"]
[Round "4.6"]
[White "Ruiz, Lisa"]
[Black "Sherif, Amina"]
[Result "0-1"]
[WhiteElo "1315"]
[BlackElo "1565"]
[PlyCount "36"]
[EventDate "2012.10.06"]
[EventType "team-tourn"]
[EventRounds "7"]
[EventCountry "GER"]
[SourceTitle "EXT 2018"]
[Source "ChessBase"]
[SourceDate "2017.10.13"]
[SourceVersion "1"]
[SourceVersionDate "2017.10.13"]
[SourceQuality "1"]
[WhiteTeam "Quickborn Holstein (W)"]
[BlackTeam "Krefeld Turm (W)"]
[WhiteTeamCountry "GER"]
[BlackTeamCountry "GER"]

1. e4 c5 2. Nf3 d6 3. d4 cxd4 4. Nxd4 Nf6 5. Bd3 a6 6. Bg5 e6 7. Nd2 Be7 8. N4f3 Nbd7 9. c3 b5 10. Qc2 Nc5 11. 0-0 Bb7 12. Rfe1 Nxd3 13. Qxd3 Qc7 14. h3 0-0 15. Nh2 Rfe8 16. f3 Rad8 17. Qc2 Nxe4 18. Bxe7 Qc5+ 0-1

[Event "BL2 West 1213 (Women)"]
[Site "Germany"]
[Date "2012.12.01"]
[Round "3.6"]
[White "Paulweber, Lara Maria"]
[Black "Ruiz, Lisa"]
[Result "1/2-1/2"]
[WhiteElo "1078"]
[BlackElo "1315"]
[PlyCount "73"]
[EventDate "2012.10.06"]
[EventType "team-tourn"]
[EventRounds "7"]
[EventCountry "GER"]
[SourceTitle "EXT 2018"]
[Source "ChessBase"]
[SourceDate "2017.10.13"]
[SourceVersion "1"]
[SourceVersionDate "2017.10.13"]
[SourceQuality "1"]
[WhiteTeam "Muelheim Nord (W) II"]
[BlackTeam "Quickborn Holstein (W)"]
[WhiteTeamCountry "GER"]
[BlackTeamCountry "GER"]

1. d4 Nf6 2. Bf4 e6 3. e3 b6 4. Nf3 Bb7 5. Bd3 Be7 6. 0-0 0-0 7. Nbd2 Nc6 8. c3 d6 9. Bg5 h6 10. Bxf6 Bxf6 11. Qc2 Kh8 12. Rfe1 Re8 13. Rad1 Qd7 14. Re2 Rad8 15. Rde1 e5 16. h3 d5 17. dxe5 Nxe5 18. Nxe5 Rxe5 19. Nf3 Re7 20. e4 Rde8 21. exd5 Bxd5 22. Rxe7 Rxe7 23. Rxe7 Bxe7 24. Be4 Qc6 25. Bxd5 Qxd5 26. a3 Bd6 27. Qe2 Qe6 28. Qd2 Kg8 29. Nd4 Qa2 30. Qc1 Qd5 31. Qd2 c5 32. Nf3 Qxd2 33. Nxd2 Kf8 34. Kf1 Ke7 35. Ke2 Ke6 36. Nc4 Be7 37. Kd2 1/2-1/2

[Event "GER-chT North U14 Girls"]
[Site "Guestrow"]
[Date "2012.09.07"]
[Round "1.2"]
[White "Ruiz, Lisa"]
[Black "Schnabel, Luise"]
[Result "1/2-1/2"]
[WhiteElo "1315"]
[BlackElo "994"]
[PlyCount "105"]
[EventDate "2012.09.07"]
[EventType "team-swiss"]
[EventRounds "5"]
[EventCountry "GER"]
[SourceTitle "EXT 2015"]
[Source "ChessBase"]
[SourceDate "2014.11.20"]
[SourceVersion "1"]
[SourceVersionDate "2014.11.20"]
[SourceQuality "1"]
[WhiteTeam "Harksheide"]
[BlackTeam "Berlin Schachpinguine"]
[WhiteTeamCountry "GER"]
[BlackTeamCountry "GER"]

1. e4 e5 2. Nf3 Nc6 3. Bc4 Nf6 4. d3 Bc5 5. c3 d6 6. b4 Bb6 7. Bg5 0-0 8. Bb3 Bg4 9. Nbd2 h6 10. Be3 d5 11. Bxb6 axb6 12. Qc2 dxe4 13. dxe4 Bxf3 14. Nxf3 Qd7 15. 0-0 Qg4 16. Nd2 Ne7 17. g3 Rad8 18. f3 Qg5 19. Nb1 Rd6 20. Rf2 Rfd8 21. Re2 Qh5 22. Nd2 Qg5 23. Nf1 Nh7 24. Rf2 Kh8 25. Bxf7 Rf8 26. Bb3 Qh5 27. Qe2 Ng5 28. Bd1 Rc6 29. Rc1 Rcf6 30. Nd2 Qh3 31. Kh1 Ra8 32. Ra1 Ra3 33. Nc4 Rxc3 34. Nxe5 Nc6 35. a3 Nxe5 36. f4 Qe6 37. fxg5 hxg5 38. Rxf6 Qxf6 39. Kg2 Ng6 40. Qh5+ Kg8 41. Qe2 Rxg3+ 42. hxg3 Qxa1 43. Bb3+ Kf8 44. Qf3+ Qf6 45. Qxf6+ gxf6 46. b5 Ke7 47. Bd5 c5 48. Kf2 Ne5 49. Ke2 Kf8 50. Kd2 Kg7 51. Be6 Kh6 52. g4 Nf3+ 53. Ke3 1/2-1/2